| 000 | 004740000a22001810004500 | ||
|---|---|---|---|
| 020 | _a958-614-059-8 | ||
| 041 | 0 | _aSPA | |
| 082 | 0 | 4 | _aG 361.1 P112a |
| 100 | 1 | _aPabón Pabón, Rosemberg | |
| 245 | 1 | 0 | _aAsí nos tomamos la embajada / Rosemberg Pabón Pabón |
| 260 | _aBogotá, Colombia : Planeta | ||
| 300 | _a167 Pag | ||
| 001 | 9710 | ||
| 942 | _cBK | ||
| 999 |
_c39579 _d39579 |
||
| 336 |
_atexto _btxt _2rdacontent |
||
| 337 |
_2rdamedia _asin mediación _bn |
||
| 338 |
_2rdacarrier _avolumen _bnc |
||